Energy geostructures / (Record no. 355947)
[ view plain ]
| 000 -LEADER | |
|---|---|
| fixed length control field | 00845cam a22002655i 4500 |
| 001 - CONTROL NUMBER | |
| control field | 17759163 |
| 003 - CONTROL NUMBER IDENTIFIER | |
| control field | USPCAS-E |
| 005 - DATE AND TIME OF LATEST TRANSACTION | |
| control field | 20180118181419.0 |
| 008 - FIXED-LENGTH DATA ELEMENTS--GENERAL INFORMATION | |
| fixed length control field | 130531s2013 nju 000 0 eng |
| 010 ## - LIBRARY OF CONGRESS CONTROL NUMBER | |
| LC control number | 2013941765 |
| 020 ## - INTERNATIONAL STANDARD BOOK NUMBER | |
| International Standard Book Number | 9781848215726 |
| 040 ## - CATALOGING SOURCE | |
| Original cataloging agency | DLC |
| Language of cataloging | eng |
| Transcribing agency | DLC |
| Description conventions | rda |
| Modifying agency | DLC |
| 042 ## - AUTHENTICATION CODE | |
| Authentication code | pcc |
| 082 ## - DEWEY DECIMAL CLASSIFICATION NUMBER | |
| Edition number | 23 |
| Classification number | 621.44 |
| Author Mark | ENE 2013 |
| 245 00 - TITLE STATEMENT | |
| Title | Energy geostructures / |
| Statement of responsibility, etc. | [edited by] Lyesse Laloui, Alice Di Donna. |
| 260 ## - PUBLICATION, DISTRIBUTION, ETC. | |
| Place of publication, distribution, etc. | Hoboken: |
| Name of publisher, distributor, etc. | Wiley, |
| Date of publication, distribution, etc. | c2013. |
| 263 ## - PROJECTED PUBLICATION DATE | |
| Projected publication date | 1306 |
| 300 ## - PHYSICAL DESCRIPTION | |
| Extent | pages cm |
| 502 ## - DISSERTATION NOTE | |
| Dissertation note | . |
| 856 42 - ELECTRONIC LOCATION AND ACCESS | |
| Materials specified | Publisher description |
| Uniform Resource Identifier | <a href="http://www.loc.gov/catdir/enhancements/fy1311/2013941765-d.html">http://www.loc.gov/catdir/enhancements/fy1311/2013941765-d.html</a> |
| 856 41 - ELECTRONIC LOCATION AND ACCESS | |
| Materials specified | Table of contents only |
| Uniform Resource Identifier | <a href="http://www.loc.gov/catdir/enhancements/fy1311/2013941765-t.html">http://www.loc.gov/catdir/enhancements/fy1311/2013941765-t.html</a> |
| 906 ## - LOCAL DATA ELEMENT F, LDF (RLIN) | |
| a | 0 |
| b | ibc |
| c | orignew |
| d | 2 |
| e | epcn |
| f | 20 |
| g | y-gencatlg |
| 942 ## - ADDED ENTRY ELEMENTS (KOHA) | |
| Source of classification or shelving scheme | |
| Koha item type | Book |
| Withdrawn status | Lost status | Source of classification or shelving scheme | Damaged status | Not for loan | Collection code | Permanent Location | Current Location | Shelving location | Date acquired | Source of acquisition | Cost, normal purchase price | Total Checkouts | Full call number | Barcode | Date last seen | Price effective from | Koha item type |
|---|---|---|---|---|---|---|---|---|---|---|---|---|---|---|---|---|---|
| US-Pakistan Center for Advanced Studies in Energy (USPCAS-E) | US-Pakistan Center for Advanced Studies in Energy (USPCAS-E) | 01/12/2016 | Iqra | 10437.00 | 621.44 ENE 2013 | CAS-E0001153 | 01/12/2016 | 01/12/2016 | Book |
